[Event "Sparkassen Open A"]
[Site "Dortmund GER"]
[Date "2012.07.18"]
[Round "5.25"]
[White "Begna, Bozidar"]
[Black "Reisberg, Andre"]
[Result "0-1"]
[WhiteElo "2088"]
[BlackElo "1965"]
[WhiteFideId "4633555"]
[BlackFideId "1270630"]
[EventDate "2012.07.14"]

1. e4 e6 2. Nf3 d5 3. d3 Nf6 4. Nbd2 Bc5 5. Be2 O-O 6. O-O dxe4 7. dxe4 b6 8. c3
Bb7 9. Qc2 Nbd7 10. e5 Ng4 11. Nc4 f5 12. exf6 Ngxf6 13. b4 Be7 14. Ng5 Bd5 15.
Ne3 Qc8 16. c4 Bb7 17. Nxe6 Be4 18. Qd2 Re8 19. Ng5 Bb7 20. Bb2 h6 21. Nf3 Ne4
22. Qe1 Nf8 23. Ne5 Ne6 24. Bh5 Nf4 25. Bxe8 Qxe8 26. f3 Bxb4 27. Qxb4 Ne2+ 28.
Kh1 N4g3+ 29. hxg3 0-1

[Event "Sparkassen Open A"]
[Site "Dortmund GER"]
[Date "2012.07.18"]
[Round "5.26"]
[White "Heinzel, Peter"]
[Black "Schwarz, Larissa"]
[Result "1-0"]
[WhiteElo "2083"]
[BlackElo "1870"]
[WhiteFideId "24682632"]
[BlackFideId "24699004"]
[EventDate "2012.07.14"]

1. b4 e5 2. Bb2 Bxb4 3. Bxe5 Nf6 4. e3 O-O 5. Be2 d5 6. Nf3 Re8 7. O-O Nc6 8.
Bb2 Bg4 9. h3 Bf5 10. d3 Bd6 11. Nbd2 Ne5 12. Re1 Qd7 13. Bf1 c5 14. Rb1 b6 15.
e4 Bg6 16. Nxe5 Bxe5 17. Bxe5 Rxe5 18. f4 Ree8 19. f5 dxe4 20. fxg6 Qd4+ 21. Kh1
hxg6 22. Nxe4 Nh5 23. Qf3 f5 24. Ng3 Nf6 25. c4 Qc3 26. Ne2 Qc2 27. Nf4 Qxa2 28.
Nxg6 Qd2 29. Ne7+ Kf7 30. Red1 Qg5 31. Nxf5 1-0

[Event "Sparkassen Open A"]
[Site "Dortmund GER"]
[Date "2012.07.18"]
[Round "5.27"]
[White "Joppien, Arne"]
[Black "Simanowski, Mio"]
[Result "1-0"]
[WhiteElo "2079"]
[BlackElo "1858"]
[WhiteFideId "4637500"]
[BlackFideId "24687154"]
[EventDate "2012.07.14"]

1. d4 d5 2. Nf3 Nf6 3. Bf4 c6 4. e3 Bf5 5. Be2 e6 6. O-O Be7 7. h3 Nbd7 8. c4
Qb6 9. b3 h6 10. c5 Qd8 11. Nc3 O-O 12. b4 Ne4 13. Nxe4 Bxe4 14. a4 Qc8 15. b5
f6 16. Qb3 e5 17. Bg3 exd4 18. exd4 f5 19. Nd2 Bg5 20. Nxe4 fxe4 21. Bd6 Re8 22.
Bh5 Re6 23. Bg4 Re8 24. Rfe1 b6 25. bxc6 Qxc6 26. Qb5 Qxb5 27. axb5 Nf6 28. Ra4
Nxg4 29. hxg4 bxc5 30. Bxc5 Bd8 31. Rxa7 Rxa7 32. Bxa7 Re7 33. Bc5 Rb7 34. Rb1
Kf7 35. Kf1 Kf6 36. Ke2 Kg5 37. f3 Bc7 38. fxe4 dxe4 39. Ke3 Kxg4 40. Kxe4 Kg3
41. Rb2 g5 42. d5 Bd8 43. b6 Bf6 44. Bd6+ Kg4 45. Rb3 Bd8 46. Bc5 h5 47. d6 h4
48. Kd5 Kf4 49. Kc6 Bxb6 50. Bxb6 1-0

[Event "Sparkassen Open A"]
[Site "Dortmund GER"]
[Date "2012.07.18"]
[Round "5.30"]
[White "Schneidereit, Manfred"]
[Black "Kozlov, Alexander GER"]
[Result "1/2-1/2"]
[WhiteElo "1820"]
[BlackElo "2204"]
[WhiteFideId "24622346"]
[BlackFideId "4652908"]
[EventDate "2012.07.14"]

1. Nc3 Nf6 2. e4 d6 3. Nf3 c6 4. d4 Nbd7 5. Bd3 e5 6. O-O Be7 7. Ne2 Qb6 8. c3
O-O 9. Ng3 Re8 10. Re1 a5 11. Qe2 h6 12. h3 Bf8 13. Be3 Qc7 14. Rad1 b5 15. Bb1
Nb6 16. dxe5 dxe5 17. Nh4 Nc4 18. Bc1 Be6 19. Nh5 Nh7 20. g4 g6 21. Ng3 Rad8 22.
Ng2 a4 23. Rxd8 Rxd8 24. Rd1 Rxd1+ 25. Qxd1 Qd6 26. Qxd6 Nxd6 27. f4 exf4 28.
Nxf4 Bd7 29. e5 Nc4 30. e6 fxe6 31. Nxg6 Bc5+ 32. Kh2 Be3 33. Bxe3 Nxe3 34. b3
axb3 35. axb3 Nf6 36. Ne5 Be8 37. Ne4 1/2-1/2

[Event "Sparkassen Open A"]
[Site "Dortmund GER"]
[Date "2012.07.18"]
[Round "5.31"]
[White "Hassler, Rolf"]
[Black "Schmidt, Kai-Uwe"]
[Result "0-1"]
[WhiteElo "1897"]
[BlackElo "2051"]
[WhiteFideId "4638255"]
[BlackFideId "4608755"]
[EventDate "2012.07.14"]

1. e4 d6 2. Nc3 g6 3. g3 Bg7 4. Bg2 c5 5. d3 Nc6 6. Be3 h5 7. h4 Nf6 8. f3 d5 9.
Bxc5 d4 10. Nd5 Nxd5 11. exd5 Qxd5 12. Ba3 Bh6 13. Qe2 Bd7 14. f4 Qa5+ 15. Qd2
Qc7 16. O-O-O e5 17. Re1 O-O-O 18. Ne2 Rhe8 19. Kb1 Bg4 20. Bxc6 Qxc6 21. Rhf1
Qg2 22. Rg1 Qf2 23. Rgf1 Qg2 24. Rg1 Qd5 25. Rgf1 Re6 26. Nc1 f5 27. Qb4 Bf8 28.
Qb3 Qxb3 29. axb3 e4 30. dxe4 fxe4 31. Bxf8 Rxf8 32. b4 Rd8 33. Nb3 b6 34. Nd2
Bf5 35. Nc4 e3 36. Ne5 Kb7 37. Re2 Rd5 38. b3 Rb5 39. Kb2 Rxb4 40. c3 dxc3+ 41.
Kxc3 Re4 42. Rfe1 Re7 43. Rxe3 Rc7+ 44. Kb2 Rc2+ 45. Ka3 Rd4 46. Nf3 Rd6 47.
Re7+ Rc7 48. Rxc7+ Kxc7 49. Re7+ Rd7 50. Rxd7+ Kxd7 51. Kb4 Kd6 52. Kc4 Be6+ 53.
Kc3 Kd5 54. Nd2 Bd7 55. Kd3 a5 56. Ke3 b5 57. Kd3 a4 58. b4 Be8 0-1

[Event "Sparkassen Open A"]
[Site "Dortmund GER"]
[Date "2012.07.18"]
[Round "5.32"]
[White "Butschek, Tanja"]
[Black "Elefteriadis, Paul-Gabriel"]
[Result "0-1"]
[WhiteElo "2043"]
[BlackElo "1880"]
[WhiteFideId "24604640"]
[BlackFideId "24626236"]
[EventDate "2012.07.14"]

1. e4 c5 2. Nf3 e6 3. d4 cxd4 4. Nxd4 a6 5. Bd3 Nf6 6. c4 Nc6 7. Nxc6 dxc6 8.
O-O e5 9. Qc2 Bc5 10. Nc3 Be6 11. Rb1 Qe7 12. a3 b5 13. cxb5 cxb5 14. b4 Bd4 15.
Nxb5 Rc8 16. Qa4 axb5 17. Bxb5+ Nd7 18. Bb2 Bxb2 19. Rxb2 O-O 20. Qa7 Ra8 21.
Qe3 Rab8 22. a4 Nb6 23. Rc1 Rfc8 24. Rxc8+ Nxc8 25. Qc3 f6 26. Rd2 Nd6 27. Qc5
Rd8 28. Bc6 Kf7 29. f3 Nc4 30. Rxd8 Qxd8 31. Bd5 Qb6 32. Kf2 Qxc5+ 33. bxc5 Ke7
34. Ke2 Na5 35. c6 Kd6 36. c7 Bc8 37. Kd3 Kxc7 38. Kc3 Kb6 39. Bg8 h6 40. Bf7
Bd7 41. Kb4 Nc6+ 42. Kc4 Nd8 43. a5+ Kxa5 44. Bg8 Be6+ 45. Bxe6 Nxe6 46. g3 Ng5
47. f4 exf4 48. gxf4 Nxe4 49. Kd5 f5 50. Ke6 g6 51. h4 Kb5 52. Kf7 g5 53. fxg5
Nxg5+ 54. Kg6 f4 55. Kxh6 f3 56. hxg5 f2 57. g6 f1=Q 58. g7 Qf7 59. Kh7 Qh5+ 60.
Kg8 Kc5 61. Kf8 Qf5+ 62. Ke7 Qg6 63. Kf8 Qf6+ 64. Kg8 Kd6 65. Kh7 Qf7 66. Kh8
Qh5+ 67. Kg8 Ke6 68. Kf8 Qf7# 0-1

[Event "Sparkassen Open A"]
[Site "Dortmund GER"]
[Date "2012.07.18"]
[Round "5.33"]
[White "Fenner, Martin"]
[Black "Butschek, Marc"]
[Result "0-1"]
[WhiteElo "2003"]
[BlackElo "1943"]
[WhiteFideId "24603589"]
[BlackFideId "4630904"]
[EventDate "2012.07.14"]

1. e4 e6 2. Nf3 d5 3. e5 c5 4. c3 Nc6 5. Bb5 Bd7 6. Na3 c4 7. d4 Bxa3 8. bxa3
Nxe5 9. Nxe5 Bxb5 10. Rb1 Bc6 11. Qh5 g6 12. Nxc6 bxc6 13. Qe5 f6 14. Qxe6+ Qe7
15. Qxe7+ Nxe7 16. Rb7 Kf7 17. Bf4 Rhe8 18. Kd2 Kg8 19. Re1 Nf5 20. Rxe8+ Rxe8
21. Rxa7 Nh4 22. Rb7 Nxg2 23. Rb8 Kf7 24. Rxe8 Kxe8 25. Bg3 h5 26. h3 g5 27. a4
f5 28. Be5 Nh4 29. a5 Kd7 30. a6 Kc8 31. Ke2 g4 32. hxg4 fxg4 33. Ke3 Nf3 34.
Kf4 Nd2 35. Kg5 Ne4+ 36. Kxh5 Nxf2 37. a4 Ne4 38. Kxg4 Nxc3 39. a5 Ne4 40. Kf3
Nd2+ 41. Ke2 Nb3 42. Kd1 Nxa5 43. Kc2 Nb3 44. Kc3 Nc1 45. Kb4 Nd3+ 46. Ka5 c3
47. Kb6 Nxe5 48. dxe5 c2 49. a7 c1=Q 50. a8=Q+ Kd7 51. Qb7+ Ke6 52. Qc7 Qb2+ 53.
Ka7 Qxe5 54. Qxc6+ Qd6 55. Qc1 d4 56. Qh6+ Kd5 57. Qg5+ Qe5 58. Qg2+ Qe4 59.
Qa2+ Kc5 60. Qa3+ Kc4 61. Qa2+ Kc3 62. Qa1+ Kd2 63. Qb2+ Ke3 64. Qc1+ Kf3 65.
Qh1+ Kf4 66. Qh4+ Ke5 67. Qh8+ Kf5 68. Qh7+ Kf4 69. Qh4+ Ke5 70. Qh8+ Kd6 71.
Qf6+ Kc5 72. Qb6+ Kc4 73. Qa6+ Kb4 74. Qb6+ Kc3 75. Qa5+ Kd3 76. Qa3+ Kc2 77.
Qa2+ Kd1 78. Qa1+ Ke2 79. Qa2+ Ke3 80. Qh2 d3 81. Qg3+ Kd2 82. Qf2+ Qe2 83. Qf4+
Qe3+ 0-1

[Event "Sparkassen Open A"]
[Site "Dortmund GER"]
[Date "2012.07.18"]
[Round "5.34"]
[White "Pedersen, Lars Wisler"]
[Black "Dyballa, Gerhard"]
[Result "1-0"]
[WhiteElo "1853"]
[BlackElo "1986"]
[WhiteFideId "1417045"]
[BlackFideId "4645189"]
[EventDate "2012.07.14"]

1. f4 e5 2. fxe5 d6 3. exd6 Bxd6 4. Nf3 g5 5. g3 g4 6. Nh4 Ne7 7. d4 Ng6 8. Nxg6
hxg6 9. Qd3 Nc6 10. c3 f5 11. Bg2 Qe7 12. e4 fxe4 13. Qxe4 Rxh2 14. O-O Rxg2+
15. Qxg2 Bf5 16. Bf4 Bxf4 17. Rxf4 O-O-O 18. Nd2 Rh8 19. Rff1 Qe3+ 20. Qf2 Qh6
21. Qg2 Qe3+ 22. Rf2 Bd3 23. Nf1 Bxf1 24. Kxf1 Qd3+ 25. Re2 Ne7 26. Qe4 Qxg3 27.
Re3 Rf8+ 28. Ke2 Qf2+ 29. Kd3 Nf5 30. Qe6+ Kd8 31. Re2 Qf3+ 32. Kc2 g3 33. Rae1
g5 34. Qe4 Qxe4+ 35. Rxe4 g2 36. Rg1 Nh4 37. Rg4 Rf2+ 38. Kb3 Ke7 39. Rxg5 Kf6
40. Rg4 Nf3 41. R1xg2 Rxg2 42. Rxg2 Ke6 43. Kb4 Kd6 44. Rg6+ Kd7 45. d5 Ne5 46.
Rg7+ Kd6 47. c4 b6 48. Kc3 a5 49. a3 c6 50. Kd4 cxd5 51. cxd5 Nf3+ 52. Kc4 Ne5+
53. Kb5 Kxd5 54. Rg5 1-0

[Event "Sparkassen Open A"]
[Site "Dortmund GER"]
[Date "2012.07.18"]
[Round "5.36"]
[White "Haase, Thomas Konstantin"]
[Black "Henkemeier, Markus"]
[Result "1-0"]
[WhiteElo "1849"]
[BlackElo "1950"]
[WhiteFideId "12916773"]
[BlackFideId "1271859"]
[EventDate "2012.07.14"]

1. c4 Nf6 2. g3 c6 3. Nf3 d6 4. d4 g6 5. Bg2 Bg7 6. O-O Be6 7. b3 Qc8 8. Ng5 Bd7
9. Nc3 h6 10. Nge4 Bh3 11. Nxf6+ Bxf6 12. Ne4 Bg7 13. Qd3 h5 14. Bg5 Bf5 15. Qe3
Kf8 16. Qd2 f6 17. Be3 Bh3 18. f3 Na6 19. Bxh3 Qxh3 20. Nf2 Qd7 21. d5 f5 22.
Rac1 h4 23. g4 fxg4 24. fxg4 Kg8 25. h3 Nc7 26. Ne4 Ne8 27. Bd4 Bh6 28. Qd3 Rh7
29. Be3 Bg7 30. Ng5 Rh6 31. Ne6 g5 32. Bxg5 Rxe6 33. dxe6 Qxe6 34. Rf3 Nf6 35.
Bxf6 Bxf6 36. Rcf1 Kg7 37. Rf5 Rh8 38. g5 Be5 39. Qf3 Kg6 40. Kh1 Rh5 41. Qd3
Kg7 42. Qf3 Kg6 43. Qg4 Qg8 44. Rf8 Qg7 45. Qf5# 1-0

[Event "Sparkassen Open A"]
[Site "Dortmund GER"]
[Date "2012.07.18"]
[Round "5.39"]
[White "Wernert, Bruno"]
[Black "Geyler, Stefan"]
[Result "1-0"]
[WhiteElo "2040"]
[BlackElo "1935"]
[WhiteFideId "623288"]
[BlackFideId "24605638"]
[EventDate "2012.07.14"]

1. e4 c5 2. d4 cxd4 3. c3 Nf6 4. e5 Nd5 5. Bc4 Nb6 6. Bb3 d6 7. exd6 Qxd6 8. Nf3
Nc6 9. O-O Bf5 10. cxd4 e6 11. Nc3 Be7 12. Nb5 Qd7 13. Be3 O-O 14. Qe2 Rac8 15.
Rfd1 Nd5 16. Ne5 Qd8 17. Rac1 Nxe3 18. Qxe3 a6 19. Nc3 Nb4 20. g4 Bg6 21. f4 Bf6
22. d5 Bxe5 23. dxe6 Qh4 24. Qg3 Qxg3+ 25. hxg3 Nd3 26. Rxd3 Bxd3 27. exf7+ Kh8
28. fxe5 Bc4 29. Bxc4 Rxc4 30. e6 Rc7 31. Re1 Re7 32. Nd5 Rfxf7 33. exf7 1-0

[Event "Sparkassen Open A"]
[Site "Dortmund GER"]
[Date "2012.07.18"]
[Round "5.41"]
[White "Deinert, Wolfgang"]
[Black "Schuelke, Tilman"]
[Result "0-1"]
[WhiteElo "1811"]
[BlackElo "2007"]
[WhiteFideId "4685229"]
[BlackFideId "4647475"]
[EventDate "2012.07.14"]

1. e4 e6 2. d4 b6 3. Nc3 Bb7 4. Nf3 d6 5. d5 e5 6. Be2 a6 7. O-O Nd7 8. Ng5 Ngf6
9. f4 exf4 10. Bxf4 g6 11. Qd4 Bg7 12. Rad1 O-O 13. Qf2 Qe7 14. Rd3 h6 15. Rf3
Qe8 16. Qh4 Bc8 17. Nh3 h5 18. Bg5 Qe5 19. Bf4 Qd4+ 20. Be3 Qe5 21. Bf4 Qe7 22.
Bg5 b5 23. a3 Rb8 24. Rg3 b4 25. axb4 Rxb4 26. Bxh5 Qe5 27. Bxf6 Nxf6 28. Nf4
Nxh5 29. Nxh5 Qxh5 30. Qe7 Rxb2 31. Qxc7 Rxc2 32. Qxd6 Rxc3 33. Rxc3 Bxc3 34.
Rf3 Be5 35. Qe7 Bxh2+ 36. Kf1 Bg4 37. Rb3 Qe5 38. Qb7 Qf4+ 0-1

[Event "Sparkassen Open A"]
[Site "Dortmund GER"]
[Date "2012.07.18"]
[Round "5.44"]
[White "Strohmann, Marcel"]
[Black "Bausch, Thomas"]
[Result "1/2-1/2"]
[WhiteElo "1801"]
[BlackElo "1947"]
[WhiteFideId "1270966"]
[BlackFideId "24611115"]
[EventDate "2012.07.14"]

1. e4 d6 2. d4 Nf6 3. Nc3 g6 4. Nf3 Bg7 5. Be2 c6 6. O-O O-O 7. h3 Nbd7 8. Be3
e5 9. dxe5 dxe5 10. a4 Qe7 11. Nd2 Rd8 12. Nc4 Nb6 13. Bc5 Rxd1 14. Bxe7 Rxa1
15. Rxa1 Be6 16. Nd6 Rb8 17. Rd1 Nc8 18. Nxc8 Rxc8 19. a5 Nd7 20. Na4 Bf8 21.
Bxf8 Kxf8 22. b4 Ke7 23. Nc5 Nxc5 24. bxc5 Rd8 25. Rb1 Bc8 26. Rb4 a6 27. Bd3 f5
28. f3 fxe4 29. fxe4 Kf6 30. h4 g5 31. hxg5+ Kxg5 32. g3 Rf8 33. Kg2 Rf7 34. Bc4
Rf6 35. Rb3 h5 36. Rf3 Bh3+ 37. Kf2 Rxf3+ 38. Kxf3 Bg4+ 39. Kf2 Kf6 40. c3 Kg5
41. Ke3 Bd7 42. Kf3 Kg6 43. Ke3 Bg4 44. Kf2 Kf6 45. Ke3 Bd1 46. Kf2 Bg4 47. Ke3
Be6 48. Be2 Kg5 49. Kf2 Bh3 50. Bc4 h4 1/2-1/2

[Event "Sparkassen Open A"]
[Site "Dortmund GER"]
[Date "2012.07.18"]
[Round "5.45"]
[White "Huebben, Dominik"]
[Black "Koch, Till"]
[Result "1-0"]
[WhiteElo "1836"]
[BlackElo "1892"]
[WhiteFideId "12914347"]
[BlackFideId "24688142"]
[EventDate "2012.07.14"]

1. e4 e6 2. d4 d5 3. Nd2 Nf6 4. e5 Nfd7 5. Bd3 c5 6. c3 Nc6 7. Ngf3 Qb6 8. O-O
cxd4 9. cxd4 g6 10. Nb3 Bg7 11. Be3 O-O 12. Ng5 Qd8 13. h4 Nb6 14. h5 Nc4 15.
hxg6 fxg6 16. Qg4 h6 17. Nh7 Ne7 18. Nxf8 Qxf8 19. Bxg6 b6 20. Rac1 Nxg6 21.
Qxg6 Qf5 22. Qxf5 exf5 23. Rc2 Ba6 24. Rfc1 Rf8 25. Bf4 Kh7 26. Nd2 Rd8 27. b3 1-0

[Event "Sparkassen Open A"]
[Site "Dortmund GER"]
[Date "2012.07.18"]
[Round "5.46"]
[White "Sieberg, Rolf"]
[Black "Oberste, Norbert"]
[Result "1-0"]
[WhiteElo "1931"]
[BlackElo "1811"]
[WhiteFideId "4661257"]
[BlackFideId "24608432"]
[EventDate "2012.07.14"]

1. e4 e6 2. d4 d5 3. e5 c5 4. c3 Nc6 5. Nf3 Bd7 6. Be2 Qb6 7. O-O Be7 8. Na3 a6
9. Nc2 h5 10. Ng5 g6 11. b3 Qd8 12. f4 cxd4 13. cxd4 Nh6 14. Ne3 Qa5 15. Bb2 f6
16. exf6 Bxf6 17. Bxh5 gxh5 18. Qxh5+ Ke7 19. Rae1 Raf8 20. f5 Kd6 21. fxe6 Be8
22. Qh4 Ne7 23. Qg3+ Kc6 24. Rc1+ Kb6 25. Qc7+ Ka7 26. Qxa5 Bxg5 27. Qc5+ Ka8
28. Rfe1 Bc6 29. Rc2 Nhf5 30. Nxf5 Nxf5 31. Bc1 Be7 32. Qc3 Rh4 33. Be3 Rfh8 34.
g3 Nxg3 35. hxg3 Rh1+ 36. Kf2 R8h2+ 37. Kf3 Rxc2 38. Qxc2 Rxe1 39. Qh7 Bd6 40.
e7 Ka7 41. Qf7 Bxg3 42. e8=Q Bxe8 43. Qxe8 Bh4 44. Qh5 1-0

[Event "Sparkassen Open A"]
[Site "Dortmund GER"]
[Date "2012.07.19"]
[Round "6.1"]
[White "Zaitsev, Mikhail"]
[Black "Scheider, Julian"]
[Result "1-0"]
[WhiteTitle "IM"]
[WhiteElo "2505"]
[BlackElo "2290"]
[WhiteFideId "4127560"]
[BlackFideId "24601284"]
[EventDate "2012.07.14"]

1. e4 c5 2. c3 d6 3. d4 Nf6 4. Bd3 g6 5. Nf3 Bg7 6. O-O O-O 7. Re1 Bg4 8. Nbd2
Nc6 9. h3 Bxf3 10. Nxf3 e5 11. dxe5 dxe5 12. Bg5 Qc7 13. Bxf6 Bxf6 14. Bc4 Rad8
15. Qe2 Rd6 16. Rad1 Rfd8 17. Rxd6 Qxd6 18. Bd5 Ne7 19. Bxb7 c4 20. Qxc4 Rb8 21.
Qa6 Qxa6 22. Bxa6 Rxb2 23. Bc4 Nc8 24. Rd1 Rb7 25. Bb3 Rc7 26. Rd5 Kf8 27. Kf1
Nb6 28. Ra5 Nd7 29. Ke2 Be7 30. Nd2 f6 31. f3 Bc5 32. Rb5 Ke7 33. Bd5 Bg1 34.
Rb1 Bb6 35. Nc4 Bc5 36. Kd3 Bf2 37. Rb5 Bg1 38. Rb2 Bb6 39. Kc2 Bg1 40. Rb1 Bf2
41. Na5 f5 42. Nc4 Bc5 43. g4 f4 44. g5 Nb6 45. Nxe5 Nxd5 46. exd5 Kd6 47. Nd3
Kxd5 48. Rb5 1-0

[Event "Sparkassen Open A"]
[Site "Dortmund GER"]
[Date "2012.07.19"]
[Round "6.2"]
[White "Gindi, Shachar"]
[Black "Jesse, Ingemars"]
[Result "1-0"]
[WhiteElo "2245"]
[BlackElo "2349"]
[WhiteFideId "2804182"]
[BlackFideId "11602724"]
[EventDate "2012.07.14"]

1. c4 c5 2. g3 Nc6 3. Bg2 g6 4. Nc3 Bg7 5. Nf3 e5 6. O-O d6 7. a3 h6 8. b4 cxb4
9. axb4 Nxb4 10. Ba3 Nc6 11. Nb5 Bf8 12. d4 e4 13. d5 exf3 14. exf3 Ne5 15. f4
Ng4 16. Re1+ Be7 17. c5 Kf8 18. cxd6 Bf6 19. d7+ Kg7 20. dxc8=Q Qxc8 21. Nd6 Qd7
22. Rb1 b6 23. h3 Bc3 24. hxg4 Bxe1 25. Qd4+ Kh7 26. Rxe1 b5 27. g5 Ne7 28. gxh6
Rhg8 29. Nxf7 1-0

[Event "Sparkassen Open A"]
[Site "Dortmund GER"]
[Date "2012.07.19"]
[Round "6.3"]
[White "Braeuer, Karl-Heinz"]
[Black "Schulze, Torben"]
[Result "0-1"]
[WhiteElo "2202"]
[BlackElo "2309"]
[WhiteFideId "4677218"]
[BlackFideId "24630560"]
[EventDate "2012.07.14"]

1. d4 d5 2. Nf3 Nf6 3. Bf4 c5 4. c3 Nc6 5. e3 Qb6 6. Qb3 c4 7. Qc2 Bf5 8. Qxf5
Qxb2 9. Be2 e6 10. Qg5 Qxa1 11. O-O Ne4 12. Qg4 Qxa2 13. Ng5 Nf6 14. Qf3 h6 15.
Nh3 Be7 16. g4 g5 17. Be5 Nxe5 18. dxe5 Ne4 19. Rd1 a5 20. Kf1 a4 21. Qg2 a3 22.
f3 Qb2 23. Nxa3 Nxc3 0-1

[Event "Sparkassen Open A"]
[Site "Dortmund GER"]
[Date "2012.07.19"]
[Round "6.4"]
[White "Piepho, Niels"]
[Black "Brem, Stephan"]
[Result "0-1"]
[WhiteElo "2301"]
[BlackElo "2121"]
[WhiteFideId "4624262"]
[BlackFideId "4617266"]
[EventDate "2012.07.14"]

1. c4 e5 2. Nc3 d6 3. g3 f5 4. Bg2 Nf6 5. d3 Be7 6. e4 fxe4 7. dxe4 O-O 8. Nge2
c6 9. O-O Qe8 10. Kh1 Be6 11. b3 Na6 12. f4 Rd8 13. Bb2 Nc7 14. Qd3 d5 15. cxd5
cxd5 16. fxe5 dxe4 17. Qc2 Ng4 18. Rxf8+ Bxf8 19. Nxe4 Nd5 20. Ng5 Qh5 21. h4
Nge3 22. Qc1 Qxe2 23. Bf3 Qf2 24. Bd4 h6 25. Qe1 Qxe1+ 26. Rxe1 hxg5 27. Bxe3
gxh4 28. Bg5 Be7 29. Bxe7 Nxe7 30. Bxb7 hxg3 31. Kg2 Nf5 32. Kf3 g6 33. b4 Rd3+
34. Kf4 Rd4+ 35. Kg5 Rxb4 36. Bc6 Kg7 37. Rc1 Nh6 38. Bf3 Nf7# 0-1

[Event "Sparkassen Open A"]
[Site "Dortmund GER"]
[Date "2012.07.19"]
[Round "6.5"]
[White "Sundorf, Jannik"]
[Black "Zatonskih, V."]
[Result "1/2-1/2"]
[BlackTitle "FM"]
[WhiteElo "2170"]
[BlackElo "2276"]
[WhiteFideId "12905380"]
[BlackFideId "14102161"]
[EventDate "2012.07.14"]

1. d4 e6 2. c4 Nf6 3. g3 Bb4+ 4. Bd2 c5 5. Bxb4 cxb4 6. Bg2 O-O 7. Nf3 d6 8. O-O
Qc7 9. Nbd2 e5 10. a3 bxa3 11. Rxa3 Nc6 12. e3 a5 13. Rc3 Bg4 14. Qb1 Rfe8 15.
c5 exd4 16. exd4 dxc5 17. dxc5 Rad8 18. Re1 Qd7 19. Rxe8+ Rxe8 20. Nc4 Ne4 21.
Rd3 Qe6 22. Nd6 Nxd6 23. Rxd6 Qc4 24. Ng5 Bf5 25. Qd1 Qxc5 26. Rd5 Qc2 27. Qxc2
Bxc2 28. Rd2 Re1+ 29. Bf1 Bb3 30. Kg2 h6 31. Nf3 Rd1 32. Re2 Bd5 33. Re8+ Kh7
34. Be2 Rd2 35. Bc4 b5 36. Bxd5 Rxd5 37. Ra8 a4 38. h4 Ne5 39. Nxe5 Rxe5 40. Rb8
h5 41. Rb6 g6 42. Kf3 Kg7 43. Kf4 Rc5 44. Ke3 g5 45. hxg5 Rxg5 46. Kd4 Rf5 47.
Ke4 Rc5 48. Kf3 f6 49. Ke3 Kg6 50. Kf3 Re5 51. Kf4 Rc5 52. Ke3 Kg5 53. Rb8 Kf5
54. Kf3 Ke5 55. Ke3 Kd5 56. Kd3 Kc6 57. Rf8 Rd5+ 58. Kc3 Rf5 59. f4 h4 60. gxh4
Rxf4 61. h5 b4+ 62. Kd3 Kd5 63. h6 Rf3+ 64. Ke2 Rh3 65. Rxf6 Rh2+ 1/2-1/2

[Event "Sparkassen Open A"]
[Site "Dortmund GER"]
[Date "2012.07.19"]
[Round "6.8"]
[White "Zuse, Klaus-Peter"]
[Black "Sievert, Jan-Thorwald"]
[Result "1-0"]
[WhiteTitle "FM"]
[WhiteElo "2278"]
[BlackElo "2149"]
[WhiteFideId "4605306"]
[BlackFideId "12940909"]
[EventDate "2012.07.14"]

1. e4 c5 2. Nf3 d6 3. d4 cxd4 4. Nxd4 Nf6 5. Nc3 a6 6. Bg5 e6 7. f4 Be7 8. Qf3
h6 9. Bh4 g5 10. fxg5 Nfd7 11. Bg3 Ne5 12. Qf2 hxg5 13. O-O-O Nbd7 14. Bd3 Qc7
15. Kb1 b5 16. h4 gxh4 17. Bxh4 Bxh4 18. Rxh4 Rxh4 19. Qxh4 Ng6 20. Qg3 Qc5 21.
Nxe6 1-0

[Event "Sparkassen Open A"]
[Site "Dortmund GER"]
[Date "2012.07.19"]
[Round "6.9"]
[White "Webb, Laurence E"]
[Black "Schmitz, Philipp"]
[Result "1-0"]
[WhiteTitle "FM"]
[WhiteElo "2265"]
[BlackElo "2053"]
[WhiteFideId "402389"]
[BlackFideId "1270142"]
[EventDate "2012.07.14"]

1. e4 c5 2. Nf3 Nc6 3. Bb5 d6 4. O-O Bd7 5. Re1 Nf6 6. c3 a6 7. Bf1 Bg4 8. d4
cxd4 9. cxd4 Bxf3 10. gxf3 Qc7 11. d5 Nb8 12. Nc3 Nbd7 13. Be3 g6 14. Rc1 Qd8
15. Qb3 b6 16. Ne2 Bg7 17. Nd4 Nc5 18. Qd1 O-O 19. Nc6 Qe8 20. b4 Ncd7 21. Bh3
b5 22. f4 Nb8 23. e5 dxe5 24. fxe5 Nh5 25. Bg5 Nxc6 26. dxc6 e6 27. Qd7 h6 28.
Be7 Nf4 29. Bg2 Nd3 30. Bxf8 Nxe1 31. Qxe8 Rxe8 32. c7 Bxf8 33. Rxe1 1-0

[Event "Sparkassen Open A"]
[Site "Dortmund GER"]
[Date "2012.07.19"]
[Round "6.10"]
[White "Strathoff, Martin"]
[Black "Wagner, Alexej"]
[Result "0-1"]
[WhiteElo "2074"]
[BlackElo "2216"]
[WhiteFideId "24609560"]
[BlackFideId "4129555"]
[EventDate "2012.07.14"]

1. d4 d5 2. c4 c6 3. Nc3 Nf6 4. Nf3 e6 5. Bg5 Nbd7 6. cxd5 exd5 7. a3 Be7 8. e3
O-O 9. Bd3 Re8 10. O-O Nf8 11. Ne5 N6d7 12. Bxe7 Qxe7 13. Nxd7 Bxd7 14. b4 b5
15. Na2 Ng6 16. Qh5 Qd6 17. Rfc1 a5 18. Bf5 Nf8 19. Qf3 Ra7 20. h3 g6 21. Bd3
Rea8 22. Rc3 axb4 23. Nxb4 Ra4 24. Qd1 Ne6 25. Qc1 Nd8 26. Rb1 Kg7 27. Bc2 R4a5
28. Rbb3 f5 29. Nd3 R5a7 30. Rb4 Nb7 31. Qb2 Na5 32. Bb3 Nc4 33. Bxc4 dxc4 34.
Nc5 Be6 35. a4 Bf7 36. axb5 Ra2 37. Qc1 cxb5 38. Rxb5 f4 39. Rb7 fxe3 40. Qxe3
Re8 41. Qg3 Qxg3 42. Rxg3 Re1+ 43. Kh2 Rxf2 44. d5 Re5 45. Ne6+ Kf6 46. Ng5 Rxg5
47. Rxf7+ Kxf7 48. Rxg5 c3 49. Rg3 c2 50. Rc3 Kf6 51. Kg3 Rd2 52. Kf3 Ke5 53. g3
Kd4 54. Rc8 Rd3+ 55. Ke2 0-1

[Event "Sparkassen Open A"]
[Site "Dortmund GER"]
[Date "2012.07.19"]
[Round "6.11"]
[White "Kartsev, Alexandr"]
[Black "Joppien, Arne"]
[Result "1-0"]
[WhiteElo "2208"]
[BlackElo "2079"]
[WhiteFideId "24647110"]
[BlackFideId "4637500"]
[EventDate "2012.07.14"]

1. e4 c6 2. d4 d5 3. Nc3 dxe4 4. Nxe4 Bf5 5. Ng3 Bg6 6. h4 h6 7. h5 Bh7 8. Nf3
Nf6 9. Bd3 Bxd3 10. Qxd3 e6 11. Bd2 Nbd7 12. c4 Qc7 13. Ne4 Be7 14. Bc3 O-O-O
15. Nxf6 Bxf6 16. O-O-O e5 17. dxe5 Nxe5 18. Qf5+ Nd7 19. Bxf6 gxf6 20. Rh4 Kb8
21. Rhd4 Nb6 22. Qxf6 Rde8 23. Ne5 Rhg8 24. Nd7+ Nxd7 25. Rxd7 Qa5 26. Qxh6 a6
27. Qd6+ Ka8 28. Qc7 Qb4 29. Rd8+ Rxd8 30. Rxd8+ Rxd8 31. Qxd8+ Ka7 32. Qd4+ Ka8
33. h6 Qe1+ 34. Kc2 Qe2+ 35. Kb3 Qh5 36. Qe3 b5 37. a3 bxc4+ 38. Kxc4 Kb7 39.
Kc3 a5 40. Qf4 f5 41. Qe3 Qf7 42. Qd4 Qe6 43. h7 Qe1+ 44. Kc2 Qe2+ 45. Kb1 Qe1+
46. Ka2 Qe6+ 47. b3 Qe2+ 48. Qb2 1-0